Регионална библиотека "Любен Каравелов" - Русе

Списък на учителите и учителките в народните класни училища в Княжество България през учебната 1892/1893 година (Запис номер 406400)

MARC детайли
000 -Лидер
Контролно поле с фиксирана дължина 01358nam a2200277 c 4500
003 - Код на организацията, давaща контролен номер
Контролно поле BLK
005 - Дата и час на последна редакция
Контролно поле 20240311145451.0
008 - Елементи от данни с фиксирана дължина
fixed length control field 180408b bul|||||r ||||||| ||bul||
040 ## - Източник на каталожния запис
Идентификатор на билиотеката - собственик на записа BLK
041 ## - Код за език
Код за езика на текст/звукозапис или на отделно заглавие Български
Код за езика КДБФ Български
080 ## - УДК
Текстов определител УДК Възпитание. Образование. Просвета. Организация на свободното време. Вж и 003;021. 3;159. 9;612;613;727
УДК код - определител по УДК 37
УДК определител (497.2):311
УДК - код + определител 37(497.2):311
110 ## - Редна дума - колетивен орган
9 (RLIN) 317187
Редна дума - наименование на организация или юридическо лице България. Главна дир. на статистиката
139 ## - Редно поле
Редна дума Списък на учителите и учителките в народните класни училища в Княжество България през учебната 1892/1893 година
245 10 - Сведения за заглавието
Заглавие Списък на учителите и учителките в народните класни училища в Княжество България през учебната 1892/1893 година
257 ## - Страна на издаване
Страна на създаване/издаване България
260 ## - Област на издателските данни
Година на издаване 1892
9 (RLIN) 213202
Място на издаване, разпространение и проч. София
Име на издателя, разпространителя и проч. Статист. бюро
Печатница Държ. печ.
300 ## - Физическа характеристика
Страници 29 с.
Размери/Мащаб 31 см
380 ## - Жанр
Жанр Обществени науки
650 #7 - Допълнително описание по предмет – тема
9 (RLIN) 164460
Основно описание – тема или топоним Образование и просвета - България
653 #7 - Ключова дума – ненормативна
9 (RLIN) 197347
Ключова дума статистика
852 ## - Местоположение
Форматна сигнатура Рб 892
Фондова буква Редки и ценни
856 4# - Електронен адрес и достъп
Електронен формат pdf - файл
856 4# - Електронен адрес и достъп
Електронен формат pdf - файл
999 ## - СИСТЕМНИ КОНТРОЛНИ НОМЕРА
Koha biblionumber 406400
Koha biblioitemnumber 406400
942 ## - АРТИКУЛИ
Вид на библиотечния материал Книги
Скрит в OPAC Не
Периодичен библиозапис Да
Koha issues (borrowed), all copies 1
944 ## - СЪЗДАВАНЕ И РЕДАКЦИЯ на ЗАПИСА
Създаване/Редакция Създаване
Дата на регистрацията/редакция 2021-04-07
Служител, извършил регистрацията/редакцията 30535
Статус, дата на статуса Христина Везирева
Наличности
Код за отписване Код за изгубен артикул Източник на класификационната схема Код за повреда Коз за рестрикции Код за отдаване Артикулен № Име на библиотеката - собственик Име на библиотеката, в която се намира в момента Статус (Текущо местоположение) Дата на вписване в системата Местоположение - отдел Цена в лева Инвентарен номер Систематично азбучна сигнатура Баркод Цена в евро Служебен тип на артикула
  Не е изгубен Universal Decimal Classification Не е повреден само за читалня Специални фондове ( старопечатни, редки и ценни, фонд М. Арнаудов) 852540 Регионална библиотека "Любен Каравелов" Русе Регионална библиотека "Любен Каравелов" Русе Редки и ценни 2021-09-17 Редки и ценни 0.08 27116 Рб 892 900000051587 0.04 Книги
Vip Innovations Ltd, Rousse, Bulgaria 2025